00670nam a2200229 a 4500001001300000003000900013005001700022008004100039020001000080082001600090100002600106245001900132260004700151300000900198500003500207650002100242700002600263902000800289942000700297952011900304999001700423nice12345678IN_TiNIC20260116015320.0050524s1923 hyda grp 000 0 eng  ac10000a954.84bKHA aKhan, Syed Sardar Ali aKhayan-E-barar aHyderabad bGovernment of Hyderabad c1923 a124p aincludes index and biblioraphy aHyderabad-Deccan1 aKhan, Syed Sardar Ali bSRS cBK 001040708StackRoom-aHMIbHMId2007-10-12g100.00l0o954.84 KHAp11000211r2007-10-12v100.00w2005-05-24yBK c19207d19207